[Event "SR 3. liga A2 2015/2016"]
[Site "?"]
[Date "2015.10.25"]
[Round "2.5"]
[White "Mihalik, Anton"]
[Black "Kubis, Ivan"]
[Result "0-1"]
[WhiteElo "1947"]
[BlackElo "1949"]
[PlyCount "62"]
[EventDate "2016.??.??"]

1. c4 e5 2. Nc3 Nf6 3. Nf3 Nc6 4. g3 Bb4 5. Qc2 O-O 6. Bg2 Re8 7. O-O e4 8. Ng5
Nd4 9. Qd1 Bxc3 10. dxc3 Nf5 11. Qc2 Qe7 12. Rd1 d6 13. Nh3 h6 14. Nf4 c6 15.
e3 g5 16. Ne2 c5 17. b4 b6 18. a4 Bb7 19. Ba3 Qe6 20. Qb3 Ba6 21. b5 Bb7 22.
Rd2 Nd7 23. Qc2 Ne5 24. Bxe4 Nf3+ 25. Bxf3 Bxf3 26. Qd1 Nxe3 27. fxe3 Qxe3+ 28.
Kf1 Bg4 29. Rda2 Re6 30. Bc1 Qf3+ 31. Ke1 Rae8 0-1

[Event "SR 3. liga A2 2015/2016"]
[Site "?"]
[Date "2015.10.25"]
[Round "2.5"]
[White "Jozefovic, Milan"]
[Black "Curidlo, Jan"]
[Result "0-1"]
[WhiteElo "1880"]
[BlackElo "1879"]
[PlyCount "104"]
[EventDate "2016.??.??"]

1. e4 c5 2. Nf3 Nc6 3. Bc4 e6 4. O-O d6 5. Nc3 a6 6. d4 cxd4 7. Nxd4 Nf6 8. Bg5
Be7 9. Nxc6 bxc6 10. Qf3 O-O 11. Rad1 Qc7 12. Rfe1 Rb8 13. b3 Bb7 14. Qg3 Rbd8
15. Bh6 Ne8 16. Bg5 Bxg5 17. Qxg5 h6 18. Qe3 d5 19. Be2 Nd6 20. Qg3 Qe7 21. e5
Nf5 22. Qf4 c5 23. Na4 Qc7 24. c3 Ne7 25. Bh5 Bc6 26. Nb2 Qa5 27. Re3 Nf5 28.
Rf3 Qxa2 29. g4 d4 30. Rfd3 Ne7 31. g5 Nd5 32. Qg3 Kh8 33. gxh6 Rg8 34. Kf1 g6
35. Bf3 Qxb2 36. Qg5 Kh7 37. Bxd5 Bxd5 38. c4 Bc6 39. Rg3 Qc2 40. Rgd3 Be4 41.
R3d2 Qxb3 42. Qe7 Rdf8 43. Qxc5 Qh3+ 44. Ke1 d3 45. Qe3 Qg2 46. Rxd3 Bxd3 47.
Rxd3 Qxh2 48. Qe4 Rd8 49. Rg3 Qxh6 50. Qg4 Qd2+ 51. Kf1 Qd1+ 52. Kg2 Qxg4 0-1

[Event "SR 3. liga A2 2015/2016"]
[Site "?"]
[Date "2015.10.25"]
[Round "2.5"]
[White "Slaby, Jozef"]
[Black "Bilovsky, Milan"]
[Result "0-1"]
[WhiteElo "1825"]
[BlackElo "1904"]
[PlyCount "124"]
[EventDate "2016.??.??"]

1. Nf3 d5 2. g3 c5 3. Bg2 Nc6 4. d3 Nf6 5. Nbd2 e6 6. c3 Bd7 7. a3 b5 8. O-O
Qc7 9. c4 Rb8 10. cxd5 exd5 11. Re1 Be7 12. e4 O-O 13. Nf1 dxe4 14. dxe4 Rbd8
15. Qc2 Ng4 16. Ne3 Be6 17. Bd2 a5 18. Rac1 c4 19. Nf1 Rd3 20. h3 Nge5 21. Nxe5
Nxe5 22. Bf4 Rfd8 23. h4 h6 24. Nh2 g5 25. hxg5 hxg5 26. Be3 R3d7 27. Bf1 f6
28. f4 Nd3 29. Bxd3 Rxd3 30. Qf2 Rxe3 31. Rxe3 Bc5 32. Kg2 Rd3 33. Rce1 gxf4
34. gxf4 Bxe3 35. Rxe3 Rxe3 36. Qxe3 b4 37. f5 c3 38. Qc1 Ba2 39. Ng4 Qe7 40.
Kf3 Qd6 41. axb4 Qd3+ 42. Ne3 axb4 43. bxc3 Qxc3 44. Qd1 Bf7 45. Qd8+ Kg7 46.
Kf4 Qe5+ 47. Kf3 Bh5+ 48. Kf2 Qxe4 49. Qd7+ Bf7 50. Nd1 b3 51. Qb5 Qd5 52. Qxd5
Bxd5 53. Ke3 Kh6 54. Kf4 Kh5 55. Nb2 Kh4 56. Na4 Bc6 57. Nb2 Kh3 58. Nc4 Kg2
59. Nb2 Kf1 60. Ke3 Bd7 61. Nc4 Ke1 62. Kd3 Bb5 0-1

[Event "SR 3. liga A2 2015/2016"]
[Site "?"]
[Date "2015.10.25"]
[Round "2"]
[White "Brunovsky, Peter"]
[Black "Nedorost, Lubomir"]
[Result "1-0"]
[WhiteElo "1852"]
[BlackElo "1789"]
[PlyCount "61"]
[EventDate "2016.??.??"]
[WhiteTeam "ŠK Nafta Gbely"]
[BlackTeam "ŠK Kúpele Pieš�any"]

1. c4 c5 2. e4 d6 3. g3 Nf6 4. Bg2 Nc6 5. Ne2 g6 6. O-O Bg7 7. Nbc3 O-O 8. h3
Ne8 9. d3 f5 10. f4 Be6 11. Nd5 Qd7 12. Kh2 Nd4 13. Rb1 Rb8 14. b3 b5 15. Nxd4
Bxd4 16. exf5 Bxf5 17. g4 Be6 18. Bb2 Bxb2 19. Rxb2 Bf7 20. f5 e6 21. fxe6 Qxe6
22. Re2 Qd7 23. Qa1 h6 24. Rxe8 Bxe8 25. Nf6+ Rxf6 26. Qxf6 bxc4 27. Bd5+ Kh7
28. Re1 c3 29. Re7+ Qxe7 30. Qxe7+ Kh8 31. Qf8+ 1-0

[Event "SR 3. liga A2 2015/2016"]
[Site "?"]
[Date "2015.10.25"]
[Round "2.5"]
[White "Slaba, Andrea"]
[Black "Kanka, Tomas"]
[Result "0-1"]
[WhiteElo "1651"]
[BlackElo "1691"]
[PlyCount "126"]
[EventDate "2016.??.??"]

1. Nf3 d5 2. c4 c6 3. b3 Nf6 4. Bb2 e6 5. g3 Be7 6. Bg2 O-O 7. O-O Nbd7 8. d3
h6 9. Nbd2 Re8 10. Rc1 a5 11. Qc2 Nh7 12. e4 Qb6 13. d4 Ndf6 14. e5 Nd7 15. c5
Qd8 16. a3 f6 17. Rfe1 f5 18. b4 Ndf8 19. Red1 Ng5 20. Nxg5 Bxg5 21. f4 Be7 22.
Qd3 Ng6 23. Bf3 Rf8 24. b5 Bd7 25. b6 Be8 26. a4 Qd7 27. Nb3 Bf7 28. Bc3 Rfb8
29. Ra1 Nf8 30. Nxa5 Qe8 31. Nb3 Bh5 32. a5 Nd7 33. Rd2 Rd8 34. Bg2 Nb8 35. Qc2
Na6 36. Nc1 Qf8 37. Nd3 Bg6 38. Kh1 Bh5 39. h3 Qf7 40. Nb4 Qg6 41. Kh2 Nb8 42.
Bf1 Bf3 43. a6 Be4 44. Qb3 Qh5 45. Rf2 g5 46. axb7 Rxa1 47. Bxa1 Kh7 48. Na6 g4
49. Nxb8 Rxb8 50. Qa4 Bd3 51. Qd1 Be4 52. Ra2 Bf3 53. Qd2 Kg6 54. Ra8 Rxb7 55.
Ra7 Rb8 56. Rxe7 gxh3 57. Ra7 Be4 58. b7 Qf3 59. Bg2 hxg2 60. Ra8 Qh5+ 61. Kg1
Qh1+ 62. Kf2 g1=Q+ 63. Ke2 Qf1+ 0-1

[Event "SR 3. liga A2 2015/2016"]
[Site "?"]
[Date "2015.10.25"]
[Round "2.6"]
[White "Liptak, Tomas"]
[Black "Kucharek, Jaroslav"]
[Result "1/2-1/2"]
[WhiteElo "2222"]
[BlackElo "2090"]
[PlyCount "116"]
[EventDate "2016.??.??"]

1. e4 e5 2. Nf3 d6 3. c3 Be7 4. d4 Nd7 5. Bc4 Ngf6 6. Nbd2 O-O 7. O-O h6 8. Re1
g6 9. Nf1 Kg7 10. Qe2 Ng8 11. b4 Bf6 12. a4 Re8 13. a5 Nf8 14. h3 Be6 15. d5
Bd7 16. Bd3 Nh7 17. Kh2 Rf8 18. Ne3 Ng5 19. Ng1 Be7 20. Qc2 f5 21. exf5 e4 22.
Bxe4 Nxe4 23. Qxe4 gxf5 24. Qf3 Bf6 25. Bd2 Be5+ 26. Kh1 Qf6 27. Rac1 Ne7 28.
Ne2 Ng6 29. Nc4 Nh4 30. Qd3 f4 31. Nd4 f3 32. Nxf3 Nxf3 33. Qxf3 Qg6 34. Nxe5
dxe5 35. Qg3 Rae8 36. Qxg6+ Kxg6 37. f3 h5 38. Be3 a6 39. Bc5 Rf4 40. Rcd1 e4
41. fxe4 Rfxe4 42. Rxe4 Rxe4 43. d6 cxd6 44. Rxd6+ Be6 45. Rb6 Re1+ 46. Kh2 Re2
47. Bd4 Kf5 48. Kg3 h4+ 49. Kxh4 Rxg2 50. Rxb7 Ke4 51. Rb6 Bf5 52. Rxa6 Rh2 53.
Rd6 Kf4 54. Be3+ Kxe3 55. Kg5 Bxh3 56. a6 Ra2 57. Kf6 Bc8 58. Ke5 Rxa6 1/2-1/2

[Event "SR 3. liga A2 2015/2016"]
[Site "?"]
[Date "2015.10.25"]
[Round "2.6"]
[White "Hirmajer, Jan"]
[Black "Kovacocy, Pavel"]
[Result "0-1"]
[WhiteElo "1925"]
[BlackElo "2199"]
[PlyCount "70"]
[EventDate "2016.??.??"]

1. c4 g6 2. Nc3 Bg7 3. g3 d6 4. Bg2 Nf6 5. e3 O-O 6. Nge2 c6 7. O-O e5 8. d3
Be6 9. Qb3 Qc8 10. Qa3 Rd8 11. Rd1 Na6 12. b4 d5 13. cxd5 Nxd5 14. Nxd5 Bxd5
15. Bb2 Bxg2 16. Kxg2 Qg4 17. f3 Qxb4 18. Rab1 Qxa3 19. Bxa3 Rd7 20. Rd2 Rad8
21. Rbd1 c5 22. Kf1 b6 23. Nc1 Nc7 24. Ke2 Nd5 25. Bb2 a5 26. a3 Bh6 27. f4
exf4 28. exf4 g5 29. Kf3 gxf4 30. g4 Re8 31. Ne2 Re3+ 32. Kf2 Bg5 33. Ng1 Bh4+
34. Kg2 f3+ 35. Kh3 Be1 0-1

[Event "SR 3. liga A2 2015/2016"]
[Site "?"]
[Date "2015.10.25"]
[Round "2.6"]
[White "Cechovic, Stefan"]
[Black "Miciak, Emanuel"]
[Result "1-0"]
[WhiteElo "2142"]
[BlackElo "1845"]
[PlyCount "79"]
[EventDate "2016.??.??"]

1. Nf3 c5 2. c4 Nf6 3. d4 cxd4 4. Nxd4 Nc6 5. Nc3 g6 6. g3 Bg7 7. Bg2 O-O 8.
O-O Nxd4 9. Qxd4 d6 10. Rd1 Ng4 11. Qd2 Rb8 12. c5 Bd7 13. cxd6 e6 14. Qg5 Nf6
15. Be3 h6 16. Qh4 g5 17. Qb4 b6 18. a4 a5 19. Qb3 Ng4 20. Bc1 b5 21. Nxb5 Qb6
22. Qf3 f5 23. h3 Bc6 24. Qxc6 Qxf2+ 25. Kh1 Qxe2 26. Rf1 Nf2+ 27. Kh2 g4 28.
h4 Be5 29. Bf4 Bxf4 30. gxf4 g3+ 31. Kxg3 Rf7 32. Qf3 Rg7+ 33. Kh2 Ng4+ 34. Kh1
Qxb2 35. Rae1 Qf6 36. Qh3 Qb2 37. Qc3 Nf2+ 38. Rxf2 Qxf2 39. Rg1 Qxf4 40. Qf6 {
time} 1-0

[Event "SR 3. liga A2 2015/2016"]
[Site "?"]
[Date "2015.10.25"]
[Round "2.6"]
[White "Podjavorinsky, Michal"]
[Black "Sarmir, Milos"]
[Result "1/2-1/2"]
[WhiteElo "1819"]
[BlackElo "2023"]
[PlyCount "138"]
[EventDate "2016.??.??"]

1. e4 e5 2. Nf3 Nc6 3. Bb5 a6 4. Ba4 Nf6 5. O-O Be7 6. Re1 b5 7. Bb3 d6 8. h3
Na5 9. c3 Nxb3 10. axb3 O-O 11. d4 exd4 12. Nxd4 Bd7 13. Bg5 Re8 14. Qf3 Nxe4
15. Bxe7 Qxe7 16. Qd3 Qh4 17. Re2 Nc5 18. Rxe8+ Rxe8 19. Qf1 h6 20. Nd2 Qf4 21.
N2f3 Be6 22. Re1 Ra8 23. Nxe6 Nxe6 24. Qd3 Nc5 25. Qd5 Rf8 26. g3 Qf6 27. b4
Na4 28. Re2 Nb6 29. Qc6 Qf5 30. Kg2 Qd3 31. Nd4 Qc4 32. Re7 Nd5 33. Re8 Qxc6
34. Rxf8+ Kxf8 35. Nxc6 Ke8 36. Nd4 g6 37. Kf3 Nb6 38. Ke4 Na4 39. Kd5 Kd7 40.
f3 c6+ 41. Ke4 Nxb2 42. Nb3 Nd1 43. Kd3 Nf2+ 44. Ke3 Nxh3 45. f4 f5 46. Kf3 g5
47. fxg5 hxg5 48. Nd4 c5 49. Nxf5 Ke6 50. Ne3 cxb4 51. cxb4 Ke5 52. Ng4+ Kd4
53. Kg2 Nf4+ 54. gxf4 gxf4 55. Nf6 Kc3 56. Kf3 Kxb4 57. Kxf4 a5 58. Ke4 Kc3 59.
Nd5+ Kb3 60. Kd3 a4 61. Nc3 a3 62. Nxb5 a2 63. Nd4+ Kb2 64. Nc2 Kb3 65. Na1+
Kb4 66. Kc2 Ka3 67. Kc3 Ka4 68. Nc2 d5 69. Kb2 d4 1/2-1/2

[Event "SR 3. liga A2 2015/2016"]
[Site "?"]
[Date "2015.10.25"]
[Round "2.6"]
[White "Vagovsky, Jozef"]
[Black "Bjel, Jan"]
[Result "0-1"]
[WhiteElo "1889"]
[BlackElo "1820"]
[PlyCount "80"]
[EventDate "2016.??.??"]

1. d4 Nf6 2. c4 e6 3. Nc3 d5 4. Bf4 Bd6 5. Bg5 Be7 6. e3 O-O 7. Bd3 Nbd7 8.
Nge2 b6 9. cxd5 exd5 10. Rc1 c5 11. O-O Re8 12. Bb5 Bb7 13. Bxf6 Bxf6 14. Nf4
a6 15. Bxd7 Qxd7 16. dxc5 bxc5 17. Nfxd5 Qc6 18. Nxf6+ Qxf6 19. Qh5 Re5 20. Qe2
Rae8 21. Rfe1 Qg6 22. Qf1 Bxg2 23. Qxg2 Rg5 24. Qxg5 Qxg5+ 25. Kf1 Qh4 26. Rcd1
Qxh2 27. Rd5 Rc8 28. Red1 g6 29. Rd6 Qh4 30. e4 f5 31. Re1 Re8 32. Rxa6 fxe4
33. Re3 Rf8 34. Nxe4 Rxf2+ 35. Nxf2 Qc4+ 36. Kg2 Qxa6 37. Ra3 Qb7+ 38. Rf3 Qxb2
39. Kg3 Qxa2 40. Rc3 Qd5 0-1

[Event "SR 3. liga A2 2015/2016"]
[Site "?"]
[Date "2015.10.25"]
[Round "2.6"]
[White "Bjel, Lubos"]
[Black "Markuliak, Mario"]
[Result "0-1"]
[WhiteElo "1809"]
[BlackElo "1833"]
[PlyCount "57"]
[EventDate "2016.??.??"]

1. e4 d6 2. d4 Nd7 3. Nf3 e5 4. Be3 Ngf6 5. Nc3 Be7 6. h3 c6 7. Qd2 Qc7 8. Bc4
O-O 9. g4 b5 10. Bd3 exd4 11. Nxd4 Ne5 12. f4 Nxd3+ 13. cxd3 b4 14. Nce2 c5 15.
Nf3 Bb7 16. Kf2 Rfe8 17. g5 Nh5 18. f5 d5 19. Nf4 dxe4 20. Nxh5 exf3 21. f6 Bd6
22. fxg7 Re6 23. Rae1 Rae8 24. Rhg1 R8e7 25. Rg4 Be5 26. Nf6+ Bxf6 27. gxf6
Qh2+ 28. Kf1 Qxh3+ 29. Kf2 0-1

[Event "SR 3. liga A2 2015/2016"]
[Site "?"]
[Date "2015.10.25"]
[Round "2.6"]
[White "Hornak, Pavol"]
[Black "Lajda, Dusan"]
[Result "1/2-1/2"]
[WhiteElo "1789"]
[BlackElo "1795"]
[PlyCount "117"]
[EventDate "2016.??.??"]

1. d4 d5 2. c4 e6 3. Nf3 c6 4. e3 Nf6 5. b3 Bd6 6. Bd3 Nbd7 7. Bb2 O-O 8. O-O
Re8 9. Ne5 Nf8 10. f4 c5 11. Nd2 cxd4 12. Bxd4 Bxe5 13. fxe5 N6d7 14. Qg4 Ng6
15. Nf3 dxc4 16. Bxg6 fxg6 17. Ng5 h5 18. Qg3 Nf8 19. Nf7 Qd5 20. bxc4 Qc6 21.
Rf2 Bd7 22. Raf1 b6 23. Rf4 Rab8 24. Qf2 Nh7 25. Nd6 Rf8 26. Qg3 Rxf4 27. Rxf4
g5 28. Rf7 Be8 29. Rxa7 Bg6 30. Qf3 Qxf3 31. gxf3 Rf8 32. Kg2 g4 33. f4 h4 34.
Bxb6 Bc2 35. c5 Bd1 36. Rd7 Bf3+ 37. Kf2 Ng5 38. Rd8 Nh3+ 39. Ke1 g3 40. hxg3
hxg3 41. e4 Rxd8 42. c6 Rf8 43. c7 Nxf4 44. c8=Q Rxc8 45. Nxc8 Bxe4 46. a4 Nd3+
47. Kf1 Nxe5 48. Nd6 Bd5 49. a5 Nc4 50. Nxc4 Bxc4+ 51. Kg2 Kf7 52. Kxg3 Kf6 53.
Kf4 g5+ 54. Kg3 Kf5 55. Be3 e5 56. Bd2 g4 57. Be3 Ke4 58. Bg5 Be2 59. a6
1/2-1/2

[Event "SR 3. liga A2 2015/2016"]
[Site "?"]
[Date "2015.10.25"]
[Round "2.6"]
[White "Krchnak, Rudolf"]
[Black "Vlkovic, Pavol"]
[Result "0-1"]
[WhiteElo "1795"]
[BlackElo "1803"]
[PlyCount "76"]
[EventDate "2016.??.??"]

1. d4 Nf6 2. Nc3 g6 3. e4 d6 4. f4 c6 5. Nf3 Bg7 6. Be3 O-O 7. Be2 b5 8. a3 Ng4
9. Bg1 a6 10. h3 Nf6 11. g4 Qa5 12. b4 Qc7 13. e5 dxe5 14. dxe5 Rd8 15. Bd3 Nd5
16. Nxd5 cxd5 17. Qe2 Qc3+ 18. Kf2 Qxa1 19. Kg2 Qxa3 20. Bc5 e6 21. h4 Nd7 22.
Be7 Re8 23. Bd6 Bf8 24. Bxf8 Nxf8 25. Qe1 Bb7 26. h5 d4 27. hxg6 Bxf3+ 28. Kxf3
fxg6 29. Kg2 Qc3 30. Qf2 Ra7 31. Rf1 Ree7 32. f5 gxf5 33. gxf5 Qc6+ 34. Kh2
exf5 35. Rg1+ Rg7 36. Qxf5 Rxg1 37. Kxg1 Rg7+ 38. Kf2 Rf7 0-1

[Event "SR 3. liga A2 2015/2016"]
[Site "?"]
[Date "2015.11.15"]
[Round "3.1"]
[White "Blatnicky, Miroslav"]
[Black "Bisco, Igor"]
[Result "1/2-1/2"]
[WhiteElo "2089"]
[BlackElo "2086"]
[PlyCount "112"]
[EventDate "2016.??.??"]

1. d4 Nf6 2. c4 g6 3. Nc3 Bg7 4. e4 d6 5. Bd3 O-O 6. f4 c5 7. d5 e6 8. Nge2
exd5 9. exd5 Re8 10. O-O Ng4 11. Rf3 Qh4 12. h3 Bd4+ 13. Nxd4 Re1+ 14. Qxe1
Qxe1+ 15. Rf1 Qg3 16. Nf3 Nh2 17. Ne4 Nxf3+ 18. Rxf3 Qh4 19. Bd2 Bf5 20. Nxd6
Bxd3 21. Rxd3 Nd7 22. Nxb7 Re8 23. Re3 Rxe3 24. Bxe3 Qg3 25. Bf2 Qxf4 26. Nxc5
Nxc5 27. Bxc5 Qxc4 28. Bxa7 Qxd5 29. b4 Qd2 30. Bc5 Qb2 31. Re1 Qxa2 32. Re8+
Kg7 33. Bd4+ Kh6 34. Rb8 Qb1+ 35. Kh2 Qe4 36. Bf2 f5 37. Rb6 f4 38. Bc5 Qe2 39.
Kh1 Qe1+ 40. Bg1 Qg3 41. Bh2 Qe3 42. Bg1 Qe2 43. b5 Kh5 44. Rf6 Kg5 45. Rf7
Qxb5 46. Rxh7 Qd5 47. Rc7 Qe4 48. Rc3 Qe1 49. Rf3 Kf5 50. Kh2 g5 51. Bf2 Qe8
52. Kg1 Qe4 53. Kh2 Qe2 54. Kh1 Qd1+ 55. Bg1 Qd7 56. Bf2 Qd1+ 1/2-1/2

[Event "SR 3. liga A2 2015/2016"]
[Site "?"]
[Date "2015.11.15"]
[Round "3.1"]
[White "Malar, Pavol"]
[Black "Hirmajer, Jan"]
[Result "1-0"]
[WhiteElo "2062"]
[BlackElo "1932"]
[PlyCount "81"]
[EventDate "2016.??.??"]

1. e4 c5 2. Nf3 Nc6 3. Bb5 g6 4. O-O Bg7 5. Re1 Nf6 6. c3 O-O 7. e5 Nd5 8. d4
cxd4 9. cxd4 d6 10. Nc3 Nxc3 11. bxc3 Qa5 12. Qa4 Qxa4 13. Bxa4 Bg4 14. exd6
exd6 15. Bf4 Bxf3 16. gxf3 Rfd8 17. Rab1 Na5 18. Bg5 Rdc8 19. Re3 Rc7 20. Rbe1
h6 21. Re8+ Rxe8 22. Rxe8+ Kh7 23. Bd2 Nc4 24. Be1 Na5 25. Rd8 Re7 26. Kf1 Re6
27. Bd7 Rf6 28. Ke2 h5 29. Rc8 Bh6 30. c4 b6 31. c5 dxc5 32. dxc5 Rf4 33. Rc7
Rc4 34. Be8 Bf4 35. Rxf7+ Kh8 36. Kd3 Be5 37. Bxa5 Rd4+ 38. Ke3 bxa5 39. f4 Rd8
40. fxe5 Rxe8 41. Ke4 1-0

[Event "SR 3. liga A2 2015/2016"]
[Site "?"]
[Date "2015.11.15"]
[Round "3.1"]
[White "Miciak, Emanuel"]
[Black "Lahucky, Pavol"]
[Result "0-1"]
[WhiteElo "1854"]
[BlackElo "2066"]
[PlyCount "82"]
[EventDate "2016.??.??"]

1. d4 d5 2. c4 c6 3. Nf3 Nf6 4. Nc3 h6 5. e3 Bg4 6. h3 Bxf3 7. Qxf3 e6 8. Bd3
Nbd7 9. O-O Bd6 10. cxd5 Nxd5 11. Nxd5 exd5 12. e4 dxe4 13. Qxe4+ Qe7 14. Qxe7+
Kxe7 15. Re1+ Kf6 16. Bd2 Nb6 17. Be4 Nd5 18. Bxd5 cxd5 19. Rac1 Rac8 20. Rxc8
Rxc8 21. Rc1 Rxc1+ 22. Bxc1 Kf5 23. f3 Bg3 24. Kf1 g5 25. Ke2 h5 26. Bd2 g4 27.
hxg4+ hxg4 28. Be3 a6 29. Bd2 b6 30. Be3 b5 31. Bd2 Bh4 32. Be3 a5 33. Bd2 b4
34. Be3 Bg5 35. Kf2 a4 36. Ke2 gxf3+ 37. gxf3 Bxe3 38. Kxe3 f6 39. a3 b3 40.
Kd3 Kf4 41. Ke2 Kg3 0-1

[Event "SR 3. liga A2 2015/2016"]
[Site "?"]
[Date "2015.11.15"]
[Round "3.1"]
[White "Skocik, Jozef"]
[Black "Podjavorinsky, Michal"]
[Result "0-1"]
[WhiteElo "1928"]
[BlackElo "1846"]
[PlyCount "60"]
[EventDate "2016.??.??"]

1. e4 c6 2. d4 d5 3. Nc3 dxe4 4. Nxe4 Bf5 5. Ng3 Bg6 6. f4 e6 7. Nf3 Bd6 8. Bd3
Nf6 9. O-O O-O 10. Ne5 Bxe5 11. dxe5 Bxd3 12. cxd3 Nd5 13. Qg4 f5 14. Qe2 Na6
15. a3 Nc5 16. Rf3 Nb3 17. Rb1 Nd4 18. Qf2 Nxf3+ 19. Qxf3 Qb6+ 20. Kh1 Qb3 21.
Bd2 Rad8 22. Nh5 Qc2 23. Rd1 g6 24. Nf6+ Nxf6 25. exf6 Rxd3 26. Qe2 Kf7 27. Re1
Re8 28. Rd1 Red8 29. Re1 R8d6 30. Bc3 Qxe2 0-1

[Event "SR 3. liga A2 2015/2016"]
[Site "?"]
[Date "2015.11.15"]
[Round "3.1"]
[White "Bjel, Jan"]
[Black "Gajarsky, Roman"]
[Result "1-0"]
[WhiteElo "1835"]
[BlackElo "1734"]
[PlyCount "73"]
[EventDate "2016.??.??"]

1. e4 c5 2. Nf3 Nc6 3. d4 d6 4. Be3 e6 5. c3 Nf6 6. Nbd2 b6 7. Bb5 Qc7 8. Bg5
a6 9. Ba4 b5 10. Bc2 h6 11. Bxf6 gxf6 12. dxc5 dxc5 13. Qe2 Rg8 14. g3 e5 15.
Nh4 Bg4 16. f3 Be6 17. Ng2 Ne7 18. Ne3 Ng6 19. Nd5 Bxd5 20. exd5 Bd6 21. Ne4
Ke7 22. O-O-O Qa5 23. Kb1 c4 24. Rhe1 Rgc8 25. f4 Qc7 26. Nxd6 Qxd6 27. Bxg6
fxg6 28. fxe5 fxe5 29. Qxe5+ Qxe5 30. Rxe5+ Kd7 31. Re6 a5 32. Rxg6 b4 33. Rxh6
bxc3 34. bxc3 Rab8+ 35. Kc2 Rb5 36. a4 Rb3 37. Rb1 1-0

[Event "SR 3. liga A2 2015/2016"]
[Site "?"]
[Date "2015.11.15"]
[Round "3.1"]
[White "Drgon, Matus"]
[Black "Lajda, Dusan"]
[Result "1/2-1/2"]
[WhiteElo "1790"]
[BlackElo "1814"]
[PlyCount "109"]
[EventDate "2016.??.??"]

1. d4 d5 2. c4 e6 3. Nf3 c6 4. Nc3 Nf6 5. Bf4 Nbd7 6. e3 a6 7. Bd3 dxc4 8. Bxc4
b5 9. Bb3 Be7 10. O-O Bb7 11. Rc1 O-O 12. Ng5 Nd5 13. Nxd5 exd5 14. Nf3 Re8 15.
Qd3 g6 16. Rc2 Nb6 17. Re2 a5 18. Rc1 b4 19. Ree1 a4 20. Bd1 Ba6 21. Qb1 Bb5
22. Ne5 Rc8 23. b3 Bd6 24. bxa4 Bxe5 25. Bxe5 Nxa4 26. Bxa4 Bxa4 27. Qxb4 Ra8
28. Rb1 Bb5 29. Ra1 Ra4 30. Qd6 Qxd6 31. Bxd6 Rea8 32. a3 Rc4 33. Rac1 Rca4 34.
Bb4 f5 35. f3 Kf7 36. e4 fxe4 37. fxe4 dxe4 38. Rxe4 R4a7 39. Rc2 Rd7 40. Rf2+
Kg8 41. h4 Bc4 42. h5 Rad8 43. hxg6 hxg6 44. Rg4 Kg7 45. Rgf4 $11 Re8 46. Bf8+
Kg8 47. Bc5 Re1+ 48. Kh2 Rh7+ 49. Kg3 Re3+ 50. R2f3 Rxf3+ 51. Rxf3 Rf7 52. Rxf7
Kxf7 53. Kf4 Ke6 54. a4 Bd3 55. a5 1/2-1/2

[Event "SR 3. liga A2 2015/2016"]
[Site "?"]
[Date "2015.11.15"]
[Round "3.1"]
[White "Krchnak, Rudolf"]
[Black "Barca, Michal"]
[Result "0-1"]
[WhiteElo "1787"]
[BlackElo "1837"]
[PlyCount "56"]
[EventDate "2016.??.??"]

1. d4 Nf6 2. Nc3 e6 3. Bg5 b6 4. e4 Be7 5. Bd3 Bb7 6. Be3 O-O 7. Qf3 d6 8. Qg3
Kh8 9. Nf3 Nbd7 10. e5 dxe5 11. dxe5 Nh5 12. Qh3 g6 13. g4 Bxf3 14. gxh5 Nxe5
15. Rg1 Bb4 16. hxg6 Nxd3+ 17. cxd3 fxg6 18. Rg3 Qxd3 19. Rxf3 Bxc3+ 20. bxc3
Qxc3+ 21. Kf1 Qxa1+ 22. Kg2 Rxf3 23. Qxf3 Rg8 24. Qf4 c5 25. Qc4 Qe5 26. Bd2
Qd5+ 27. Qxd5 exd5 28. Bf4 Re8 0-1

[Event "SR 3. liga A2 2015/2016"]
[Site "?"]
[Date "2015.11.15"]
[Round "3.1"]
[White "Janas, Peter"]
[Black "Bajcar, Pavol"]
[Result "1/2-1/2"]
[WhiteElo "1666"]
[BlackElo "1753"]
[PlyCount "46"]
[EventDate "2016.??.??"]

1. d4 e6 2. c4 b6 3. Nf3 Bb7 4. g3 d5 5. Bg2 dxc4 6. Qa4+ Nd7 7. O-O Ngf6 8.
Qxc4 Be7 9. Bf4 Bd6 10. Bxd6 cxd6 11. Nc3 O-O 12. Qb4 d5 13. Nd2 Nb8 14. e3 Nc6
15. Qa4 Qd7 16. Rac1 Rfc8 17. b4 Ne7 18. Qb3 Ne8 19. Rfd1 Nd6 20. Bf1 g6 21. a4
a6 22. Bd3 Kg7 23. Rc2 Rc7 1/2-1/2

[Event "SR 3. liga A2 2015/2016"]
[Site "?"]
[Date "2015.11.15"]
[Round "3.2"]
[White "Mihalik, Marek"]
[Black "Kovacocy, Pavel"]
[Result "1-0"]
[WhiteElo "2029"]
[BlackElo "2194"]
[PlyCount "73"]
[EventDate "2016.??.??"]

1. d4 g6 2. e4 Bg7 3. Nf3 c5 4. c3 cxd4 5. cxd4 d5 6. e5 Nh6 7. h3 O-O 8. Nc3
Nc6 9. Be2 Bf5 10. Qb3 Be4 11. Be3 Nf5 12. Rd1 Na5 13. Qb4 Bxf3 14. Bxf3 e6 15.
O-O Nxe3 16. fxe3 Nc4 17. Rde1 a5 18. Qb5 Ra6 19. Nxd5 exd5 20. Bxd5 Nb6 21.
Bxb7 Ra7 22. Bf3 a4 23. Rc1 Rc7 24. Bc6 Nc8 25. Qxa4 Qg5 26. Qb3 Ne7 27. Be4
Rxc1 28. Rxc1 Bh6 29. Re1 Qh4 30. Qb4 Qxe4 31. Qxe7 Bxe3+ 32. Kh1 Rc8 33. e6
fxe6 34. Rf1 Bxd4 35. Qf7+ Kh8 36. Qe7 Qc2 37. Rf8+ 1-0

[Event "SR 3. liga A2 2015/2016"]
[Site "?"]
[Date "2015.11.15"]
[Round "3.2"]
[White "Cechovic, Stefan"]
[Black "Stepanovic, Branislav"]
[Result "1/2-1/2"]
[WhiteElo "2149"]
[BlackElo "2003"]
[PlyCount "81"]
[EventDate "2016.??.??"]

1. Nf3 c5 2. c4 Nf6 3. d4 cxd4 4. Nxd4 Nc6 5. Nc3 d5 6. cxd5 Nxd5 7. Nxc6 bxc6
8. e4 Nxc3 9. Qxd8+ Kxd8 10. bxc3 e5 11. Bc4 Bc5 12. Rb1 Ke7 13. Ke2 Rd8 14.
Be3 Bxe3 15. Kxe3 Be6 16. Rb7+ Rd7 17. Rxd7+ Kxd7 18. Rd1+ Ke7 19. Bxe6 Kxe6
20. Rb1 Rd8 21. Rb7 Rd7 22. Rxd7 Kxd7 23. Kd3 Kc7 24. g3 Kd7 25. f4 f6 26. Kc4
Kc7 27. Kc5 Kd7 28. h4 Kc7 29. a4 Kd7 30. h5 exf4 31. gxf4 g5 32. hxg6 hxg6 33.
Kd4 Ke6 34. Ke3 Kd6 35. Kf3 Kc5 36. Kg4 Kd6 37. Kf3 Ke6 38. Kg3 Kd6 39. Kg4 Ke6
40. Kg3 Kf7 41. Kg4 1/2-1/2

[Event "SR 3. liga A2 2015/2016"]
[Site "?"]
[Date "2015.11.15"]
[Round "3.2"]
[White "Mihalik, Anton"]
[Black "Sarmir, Milos"]
[Result "0-1"]
[WhiteElo "1945"]
[BlackElo "2006"]
[PlyCount "94"]
[EventDate "2016.??.??"]

1. c4 Nf6 2. Nc3 g6 3. Nf3 Bg7 4. d4 c6 5. e4 d6 6. Be2 Qc7 7. h3 O-O 8. O-O e5
9. Be3 Nbd7 10. Rc1 Re8 11. d5 c5 12. Qd2 a6 13. Bh6 Nf8 14. Bxg7 Kxg7 15. Nh2
h6 16. f4 Qe7 17. Rce1 exf4 18. Qxf4 g5 19. Qf2 Ng6 20. Nf3 Nf4 21. Nd2 Bxh3
22. Qg3 Nxg2 23. Qxh3 Nxe1 24. Rxe1 Qe5 25. Kg2 Qf4 26. Rd1 g4 27. Qh4 Re5 28.
Rf1 Qg5 29. Qxg5+ Rxg5 30. Bd3 Nd7 31. Ne2 Ne5 32. Bc2 h5 33. Ng3 Rd8 34. Nf5+
Kh7 35. Kg3 b5 36. b3 Rd7 37. Kf4 f6 38. Kg3 Kg6 39. Nh4+ Kf7 40. Nf5 Ng6 41.
Nh6+ Kg7 42. Nf5+ Kh8 43. Bd3 h4+ 44. Kg2 g3 45. Rf3 h3+ 46. Kg1 h2+ 47. Kg2
Rh7 0-1

[Event "SR 3. liga A2 2015/2016"]
[Site "?"]
[Date "2015.11.15"]
[Round "3.2"]
[White "Vagovsky, Jozef"]
[Black "Manak, Adrian"]
[Result "1/2-1/2"]
[WhiteElo "1877"]
[BlackElo "1929"]
[PlyCount "23"]
[EventDate "2016.??.??"]

1. d4 d5 2. c4 c6 3. cxd5 cxd5 4. Nc3 Nc6 5. Nf3 Bg4 6. e3 Nf6 7. Bd3 e6 8. Bd2
Bd6 9. h3 Bh5 10. O-O O-O 11. Be2 a6 12. Ne1 1/2-1/2

[Event "SR 3. liga A2 2015/2016"]
[Site "?"]
[Date "2015.11.15"]
[Round "3.2"]
[White "Curidlo, Jan"]
[Black "Markuliak, Mario"]
[Result "1/2-1/2"]
[WhiteElo "1889"]
[BlackElo "1845"]
[PlyCount "72"]
[EventDate "2016.??.??"]

1. e4 d6 2. d4 Nd7 3. Nf3 e5 4. Bc4 c6 5. c3 b5 6. Bb3 Be7 7. Bc2 Ngf6 8. h3
O-O 9. Be3 Qc7 10. O-O Re8 11. Nbd2 Bf8 12. Re1 Nb6 13. b3 Bb7 14. Bg5 Nbd7 15.
Nf1 Rad8 16. a4 a6 17. Bd3 Rc8 18. Rc1 Qb6 19. Be3 c5 20. dxc5 dxc5 21. Ng3 Bc6
22. Qe2 Qb7 23. axb5 axb5 24. Nd2 Ra8 25. Ra1 c4 26. bxc4 bxc4 27. Bc2 Rxa1 28.
Rxa1 Qb2 29. Qd1 Qxc3 30. Ne2 Qb2 31. Nxc4 Qb4 32. Nd2 Bc5 33. Rb1 Qa3 34. Ra1
Qb4 35. Rb1 Qa3 36. Ra1 Qb4 1/2-1/2